| 000 | 00429 a2200157 4500 | ||
|---|---|---|---|
| 005 | 20250417100932.0 | ||
| 020 | _a0-13-051780-1 | ||
| 082 | _a657.45 ARE | ||
| 100 | _aARENS, A. A. | ||
| 245 | _aAuditing : An Integrated Approach. | ||
| 250 | _a3rd Ed. | ||
| 260 |
_aCanada, _bPrentice-hill Canada Inc, _c1984. |
||
| 300 |
_axiii,880p.: Ill.;figures _bIndex _c23cm. |
||
| 700 | _aLOEBBECKE, J. K. & LEMON, W. M. | ||
| 942 |
_2ddc _cBKS |
||
| 999 |
_c1543 _d1543 |
||